000 00850nam a2200289 i 4500
001 000039025
003 DO-SdBNP
005 20260321073643.0
007 ta
008 130513s1990 dr 000 f spa d
040 _aDO-SdBNP
_bspa
_cBNPHU
_erda
041 _asp
082 _aRD863.44
_bB742m,1990
_222
100 1 _a Bosch, Juan,
_d1909-2001
_eautor
_976555
245 1 3 _aLa mañosa :
_bnovela /
_cJuan Bosch.
250 _aNovena edición
264 _aSanto Domingo :
_bAlfa y Omega,
_c1990.
300 _a220 páginas ;
_c22 cm.
336 _ardacontent
_btexto
_2txt
337 _ardamedia
_bsin mediación
_2n
338 _ardacarrier
_bvolumen
_2nc
590 _aInventariado, 2020 / DG
650 0 _aNovela dominicana
_9223
650 0 _aLiteratura dominicana.
_967
910 _aValidado. Control de calidad MFF
942 _2ddc
_cLBS1
999 _c38515
_d38515